Los desafíos abiertos por la salida de ONUSAL (primera parte)

Guardat en:
Dades bibliogràfiques
Format: Text
Matèries:
Etiquetes: Afegir etiqueta
Sense etiquetes, Sigues el primer a etiquetar aquest registre!

MARC

LEADER 00000 a a2200000 04500
001 5945
003
040
245 |a Los desafíos abiertos por la salida de ONUSAL (primera parte)  
650 |a ONU  
650 |a DERECHOS HUMANOS  
650 |a PLANES DE PAZ  
650 |a DEMOCRACIA  
650 |a ASPECTOS POLITICOS  
650 |a INSTITUCIONES PUBLICAS  
650 |a MODERNIZACION  
773 |g volumen 15, número 657; páginas 4-5  
999 |c 33914  |d 33914